Rocket League Quick Chats - Statistics

General Stats
  • This quiz has been taken 83 times
  • The average score is 15 of 34
Answer Stats
Category Quick Chat % Correct
Compliments Nice shot!
92%
Apologies Sorry!
89%
Compliments What a save!
88%
Reactions Wow!
75%
Team I got it!
70%
Compliments Nice one!
70%
Compliments Great pass!
69%
Apologies My bad...
67%
Reactions No problem.
63%
Team Take the shot!
61%
Apologies My fault.
56%
Reactions Okay.
55%
Team Need boost!
48%
Team All yours.
47%
Team Defending...
42%
Reactions Thanks!
42%
Apologies Oops!
41%
Reactions Noooo!
39%
Reactions OMG!
38%
Apologies Whoops!
36%
Compliments Nice block!
34%
Team Centering!
33%
Reactions No way!
30%
Reactions Close one!
28%
Team Go for it!
25%
Compliments Great clear!
25%
Reactions Calculated.
23%
Reactions Holy cow!
23%
Reactions Siiick!
23%
Compliments What a play!
23%
Team In position.
19%
Reactions Whew.
17%
Reactions Savage!
14%
Team Incoming!
8%
No matching quizzes found
Score Distribution
Percent of People with Each Score
Percentile by Number Answered
Your Score History
You have not taken this quiz